2024 Olympics Athletics/Track and Field part 13: Men's Hammer Throw - Statistics

General Stats
  • This quiz has been taken 10 times
  • The average score is 21 of 44
Answer Stats
Event Result Athlete Nationality % Correct
Men's Hammer Throw Final 84,12 Ethan Katzberg Canada
100%
Men's Hammer Throw Qualification 79,93 Ethan Katzberg Canada
100%
Men's Hammer Throw Final 77,42 Wojciech Nowicki Poland
88%
Men's Hammer Throw Qualification 76,32 Wojciech Nowicki Poland
88%
Men's Hammer Throw Final 78,80 Pawel Fajdek Poland
75%
Men's Hammer Throw Qualification 76,56 Pawel Fajdek Poland
75%
Men's Hammer Throw Final 76,03 Merlin Hummel Germany
63%
Men's Hammer Throw Qualification 75,25 Merlin Hummel Germany
63%
Men's Hammer Throw Final 79,39 Mykhaylo Kokhan Ukraine
63%
Men's Hammer Throw Qualification 77,42 Mykhaylo Kokhan Ukraine
63%
Men's Hammer Throw Final 79,97 Bence Halasz Hungary
50%
Men's Hammer Throw Qualification 76,90 Bence Halasz Hungary
50%
Men's Hammer Throw Final 76,59 Rowan Hamilton Canada
50%
Men's Hammer Throw Qualification 77,78 (PB) Rowan Hamilton Canada
50%
Men's Hammer Throw Final 77,92 Rudy Winkler Usa
50%
Men's Hammer Throw Qualification 77,29 Rudy Winkler Usa
50%
Men's Hammer Throw Final 77,38 Yann Chaussinand France
50%
Men's Hammer Throw Qualification 76,86 Yann Chaussinand France
50%
Men's Hammer Throw Final 73,34 Christos Frantzeskakis Greece
38%
Men's Hammer Throw Qualification 75,53 Christos Frantzeskakis Greece
38%
Men's Hammer Throw Qualification NM Daniel Haugh Usa
38%
Men's Hammer Throw Qualification 72,69 Daniel Raba Hungary
38%
Men's Hammer Throw Qualification 74,31 Denzel Comenentia Netherlands
38%
Men's Hammer Throw Qualification 71,65 Donat Varga Hungary
38%
Men's Hammer Throw Final 79,18 (SB) Eivind Henriksen Norway
38%
Men's Hammer Throw Qualification 77,14 (SB) Eivind Henriksen Norway
38%
Men's Hammer Throw Qualification 72,81 Gabriel Kehr Chile
38%
Men's Hammer Throw Qualification 71,83 Humberto Mansilla Chile
38%
Men's Hammer Throw Qualification 71,61 Jerome Vega Puetro Rico
38%
Men's Hammer Throw Qualification 72,10 Joaquin Gomez Argentina
38%
Men's Hammer Throw Qualification 73,69 Matija Greguric Croatia
38%
Men's Hammer Throw Qualification 70,14 Michail Anastasakis Greece
38%
Men's Hammer Throw Qualification 71,40 Ozkan Baltaci Turkey
38%
Men's Hammer Throw Qualification 68,80 Patri Hajek Czechia
38%
Men's Hammer Throw Qualification 73,96 Ragnar Carlsson Sweden
38%
Men's Hammer Throw Qualification 73,46 Serghei Marghiev Moldova
38%
Men's Hammer Throw Qualification 71,20 Soeren Klose Germany
38%
Men's Hammer Throw Final 74,25 Thomas Mardal Norway
38%
Men's Hammer Throw Qualification 76,78 Thomas Mardal Norway
38%
Men's Hammer Throw Qualification 74,45 (SB) Adam Keenan Canada
25%
Men's Hammer Throw Qualification 72,10 Diego del Real Mexico
25%
Men's Hammer Throw Qualification 70,09 Mostafa Elgamel Egypt
25%
Men's Hammer Throw Qualification 72,52 Qi Wang China
25%
Men's Hammer Throw Qualification 73,84 Volodymyr Myslyvcuk Czechia
25%
No matching quizzes found
Score Distribution
Percent of People with Each Score
Percentile by Number Answered
Your Score History
You have not taken this quiz